| 000 | 00565nam a2200229Ia 4500 | ||
|---|---|---|---|
| 003 | GCL | ||
| 008 | 140319s9999 xx 000 0 eng d | ||
| 040 |
_aGCL / _cGCL |
||
| 082 | 0 | 4 |
_a944 _bA R |
| 100 | 1 | _aMICHAUD, JEAN | |
| 245 | 1 | 0 |
_aLES REVOLUTIONS 1789-1848 / _cMICHAUD, JEAN |
| 700 | 1 | _aPOUTHAS, CH. H. | |
| 700 | 1 | _aALBA, ANDRE | |
| 700 | 1 | _aISAAC, JULES | |
| 260 |
_a[S.N] : _bMARABOUT UNIVERSITE ، _c1960 |
||
| 300 | _a348 P | ||
| 650 | 0 | 4 | _aFRANCE - HISTORY |
| 650 | 0 | 4 | _aHISTORY |
| 650 | 0 | 4 | _aFRANCE |
| 650 | 0 | 4 | _aREVOLUTION |
| 942 |
_2ddc _cBK |
||
| 999 |
_c24921 _d24921 |
||